00720nam a2200193 a 450000100100000000500170001000800410002704000250006804100250009308200160011810000310013424500920016526000460025730000280030350400280033170000360035995201140039599900170050900004244020201002040146.0131202s1984 dr a r 000 0 spa d aDO-SdBNPbspacBNPHU17aspabinglesbfrances axxxxbN135a1 aNader, Gary Nicolas96959010aArte contemporáneo dominicano. /cGary Nicolas Nader; fotografía, Julio González. aSanto Domingo, :bAmigo del Hogar,c1984. a154 p. :bil. ;c23 cm. aBibliografía : p. 1451 aGonzález, Julio,efot.922913 0010718PDaPDbPDcHDd2013-12-02iLF1l0oxxxx N135ap42440-10r2020-06-25w2020-06-25yLFPDZNo se presta c41929d41929